| Поле | Инд. | ПП | Название | Значение |
|---|---|---|---|---|
| Тип записи | a | |||
| Библиографический уровень | m | |||
| 001 | Контрольный номер | f45bf3e1-7c73-41cb-9dea-354160cc3c55 | ||
| 005 | Дата корректировки | 20171003104117.6 | ||
| 008 | Кодируемые данные | 041220 | ||
| 020 | c | Цена, тираж | б/ц | |
| 040 | a | Служба первич. каталог. | НБ ТвГУ | |
| 041 | 0_ | a | Код языка текста | rus |
| 080 | a | Индекс УДК | 1(470)(092)(043.3) | |
| a | Индекс УДК | 929Лосский | ||
| 084 | a | Индекс другой классификации/Индекс ББК | Ю3(2)61-63я031 | |
| 090 | x | Авторский знак | Д40 | |
| a | Полочн. индекс | Ю3(2)61 | ||
| 100 | 1_ | a | Автор | Джамулаев Абдулвахит Алаудинович |
| 245 | 10 | a | Заглавие | Проблема свободы воли в философии Н. О. Лосского |
| b | Продолж. заглавия | автореф. дис. ... канд. филос. наук : 09.00.03 | ||
| c | Ответственность | Акад. повышения квалификации и переподгот. работников образования, Каф. философии и культурологии | ||
| 260 | 1_ | a | Место издания | Тверь |
| c | Дата издания | 2004 | ||
| 300 | a | Объем | 21 с. | |
| 500 | a | Примечание | На правах рукоп. | |
| 504 | a | Библиография | Библиогр.: с. 21 и в подстроч. примеч. | |
| 583 | a | Действие | Получение впервые 7 25.01.2005 | |
| 650 | 04 | a | Основная рубрика | Философия |
| x | Основная подрубрика | История | ||
| y | Хронологическая подрубрика | 20 в. | ||
| z | Географическая подрубрика | Россия | ||
| z | Географическая подрубрика | СССР | ||
| 653 | 0_ | a | Ключевые слова | Лосский Николай Онуфриевич |
| a | Ключевые слова | Философия | ||
| a | Ключевые слова | История философии | ||
| a | Ключевые слова | Русская философия | ||
| a | Ключевые слова | Свобода воли | ||
| a | Ключевые слова | Авторефераты | ||
| a | Ключевые слова | Персоналии | ||
| 852 | 41 | t | Порядковый номер экземпляра | 2 |
| p | Инвентарный номер | б/н | ||
| 888 | a | Бесплатные | ||
| 930 | a | Новая/Ретро | авторефераты | |
| a | Новая/Ретро | персоналии | ||
| 952 | p | 7.2005 б/ц 2 б/н | ||
| c | Вид литературы | А/Р н | ||
| 954 | a | Дата поступления на обработку | 20050128 | |
| 999 | a | Подразделение 2 | ч.з. |